000 00883cad a22001935a 4500
001 E151982
008 110118s2010 xxk f 000 0 eng d
035 _a(Sirsi) u151982
041 0 _aeng
110 2 _aHome Builders Federation
_94896
245 0 0 _aBuilding a recovery
_bhow tackling the housing crisis can rebuild local economies across the country
_h[electronic resource]
260 _aLondon
_bHBF
_c2010
520 _aSuggests that building the homes required to tackle the current undersupply will create jobs and help to reinvigorate the economy.
590 _aKA
651 4 _aUnited Kingdom
690 _aPROPERTY-RESIDENTIAL PROPERTY-DOMESTIC RESIDENTIAL PROPERTY-HOUSING
856 4 0 _uhttps://www.hbf.co.uk/fileadmin/documents/Email_Links/HBF_Report_-Building_a_recovery_-_December_2010.pdf
_zView the report free of charge (PDF file) at www.hbf.co.uk
942 _n0
999 _c111776
_d111776